Rozpoznaj piłkarza po narodowości. - Statystyki

Ogólne statystyki
  • Ten quiz został rozwiązany 15 razy
  • Średni wynik to 22 z 209
Statystyki odpowiedzi
Kraj Odpowiedź % Poprawnych
Polska Lewandowski
86%
Argentyna Messi
79%
Portugalia Ronaldo
71%
Algieria Mahrez
57%
Chorwacja Modrić
57%
Brazylia Neymar
57%
Egipt Salah
57%
Gabon Aubameyang
50%
Bośnia i Hercegowina Dżeko
50%
Anglia Kane
50%
Francja Mbappe
50%
Belgia De Bruyne
43%
Norwegia Haaland
43%
Maroko Hakimi
43%
Rumunia Man
43%
Senegal Mane
43%
Austria Sabitzer
43%
Chile Sanchez
43%
Korea Południowa Son
43%
Urugwaj Suárez
43%
Kanada Davies
36%
Gruzja Kvaratskhelia
36%
Armenia Mkhitaryan
36%
Niemcy Musiala
36%
Hiszpania Pedri
36%
Czechy Schick
36%
Słowacja Skriniar
36%
Węgry Szoboszlai
36%
Holandia van Dijk
36%
Arabia Saudyjska Al-Dawsari
29%
Turcja Calhanoglu
29%
Włochy Donnarumma
29%
Albania Hysaj
29%
Szwecja Isak
29%
Ukraina Mudryk
29%
Kostaryka Navas
29%
Nigeria Osimhen
29%
Stany Zjednoczona Pulisic
29%
Grenada Roberts
29%
Szkocja Robertson
29%
Dania Schmeichel
29%
Nowa Kaledonia Wood
29%
Dominikana | Kolumbia | Portoryko Diaz
21%
Macedonia Północna Elmas
21%
Kuba Hernandez
21%
Meksyk Lozano
21%
Mołdawia Nicolaescu
21%
Ghana Partey
21%
Finlandia Pukki
21%
Ekwador Valencia
21%
Jamajka Bailey
14%
Rwanda Golovin
14%
Gwinea Guirassy
14%
Słowenia Ilicić
14%
Japonia Kubo
14%
Kosowo Rashica
14%
Serbia Tadić
14%
Malta Teuma
14%
Paragwaj Almiron
7%
Mali Bissouma
7%
Izrael Dabbur
7%
Zambia Daka
7%
Bułgaria Despodov
7%
Azerbejdżan Emreli
7%
Islandia Gudmundsson
7%
Walia Johnson
7%
Mauretania | Sierra Leone Kamara
7%
Estonia Klavan
7%
Chiny Lei
7%
Andora Lima
7%
Irlandia Long
7%
Kamerun Onana
7%
Luksemburg Rodrigues
7%
Wenezuela Rondon
7%
Tanzania Samatta
7%
Uzbekistan Shomurodov
7%
Szwajcaria Xhaka
7%
Peru Advincula
0%
Sudan Alagab
0%
Irak | Katar | Somalia Ali
0%
Brunei Ali Rahman
0%
Oman Al-Khaldi
0%
Bahrajn Al-Malood
0%
Kuwejt Al-Mutawa
0%
Jemen Al-Sasi
0%
Jordania Al-Tamari
0%
Turkmenistan Amanow
0%
Sri Lanka Amanullah
0%
Panama Amir Murillo
0%
Malediwy Ashfaq
0%
Togo Ayite
0%
Iran Azmoun
0%
Demokratyczna Republika Konga Bakambu
0%
Nikaragua Barrera
0%
Saint Kitts i Nevis Bertie
0%
Bangladesz Bhuyan
0%
Papua-Nowa Gwinea Browne
0%
Mauritius Bru
0%
Antigua i Barbuda Byers
0%
Salwador Ceren
0%
Litwa Cernych
0%
Nepal Chand
0%
Indie Chhetri
0%
Tajwan Chun-ching
0%
Wyspy Dziewicze Stanów Zjednoczonych Corrales
0%
Palestyna Dabbagh
0%
Angola Dala
0%
Tajlandia Dangda
0%
Gujana Danns
0%
Irlandia Północna Davis
0%
Liberia Dorley
0%
Tadżykistan Dzhalilov
0%
Rosja Dziuba
0%
Wyspy Owcze Edmundsson
0%
Libia Elhouni
0%
Honduras Elis
0%
Saint Vincent i Grenadyny Elliott
0%
Singapur Fandi
0%
Komory Fardou Ben
0%
Turks i Caicos Forbes
0%
Liechtenstein Frick
0%
Timor Wschodni Gama
0%
Mongolia Ganbayar
0%
Łotwa Gutkovskis
0%
Guam Guy
0%
Bhutan Gyeltshen
0%
Wybrzeże Kości Słoniowej Haller
0%
Hong Kong Him
0%
Aruba Hoeve
0%
Korea Północna Il-gwan
0%
Tonga Jackson
0%
Curacao Janga
0%
Czarnogóra Jovetić
0%
Liban Jradi
0%
Sudan Południowy Justin Lado
0%
Makau Ka Hang
0%
Vanuatu Kaltack
0%
Etiopia Kebede
0%
Republika Środkowoafrykańska Kethevoama
0%
Syria Kharbin
0%
Kirgistan Kichin
0%
Fidżi Krishna
0%
Bermudy Lambe
0%
Madagaskar Lapoussin
0%
Wyspy Salomona Lea'alafa
0%
Wyspy Świętego Tomasza i Książęca Leal
0%
Australia Leckie
0%
Zjednoczone Emiraty Arabskie Mabkhout
0%
Seszele Mancienne
0%
Mozambik Mandava
0%
Kajmany Martin
0%
Mjanma Maung Lwin
0%
Kongo Mbenza
0%
Belize McCaulay
0%
Republika Zielonego Przylądka Mendes
0%
Malawi Mhango
0%
Dżibuti Mohamed
0%
Trynidad i Tobago Molino
0%
Boliwia Moreno
0%
Benin Mounie
0%
Niger Moutari
0%
Zimbabwe Musona
0%
Haiti Nazon
0%
Czad N'Douassel
0%
Eswatini Ndzinisa
0%
Gwinea Równikowa Nsue
0%
Burundi Ntibazonkiza
0%
Uganda Okwi
0%
Kenia Olunga
0%
Gwatemala Pappa
0%
Brytyjskie Wyspy Dziewicze Peters
0%
Gwinea Bissau Piqueti
0%
Wietnam Quang Hai
0%
Wyspy Cooka Rarere
0%
Malezja Rasid
0%
Barbados Reid-Stephen
0%
Saint Lucia Samuel
0%
Gambia Sanneh
0%
Filipiny Schrock
0%
Botswana Seakanyeng
0%
Lesotho Sera
0%
Samoa Setefano
0%
Namibia Shalulile
0%
Afganistan Shayesteh
0%
Białoruś Skavysh
0%
Tunezja Skhiri
0%
Cypr Sotiriou
0%
San Marino Stefanelli
0%
Dominika Stevens
0%
Bahamy St. Fleur
0%
Pakistan Suliman
0%
Republika Południowej Afryki Tau
0%
Montserrat Taylor
0%
Burkina Faso Traore
0%
Grecja Tsimikas
0%
Kambodża Vathanaka
0%
Indonezja Vikri
0%
Surinam Vlijte
0%
Laos Vongchiengkham
0%
Gibraltar Walker
0%
Anguilla Williams
0%
Erytrea Yalew
0%
Kazachstan Zaynutdinov
0%
Nowa Zelandia Zeoula
0%
Nie znaleziono quizów pasujących do podanych kryteriów
Rozkład punktacji
Procent ludzi z każdym wynikiem
Percentyl według liczby udzielonych odpowiedzi
Twoja historia wyników
Nie rozwiązałeś tego quizu